000 00657cab a2200241 4500
001 ABS42760
008 090401t1990 xxu||||| |||| 00| 0 eng d
035 _a(Sirsi) u38735
041 _aeng
100 _aSikorski, R.
245 4 _aThe gentrification of Poland
260 _c1990
350 _a0
490 _aTelegraph Weekend Magazine
_v12 May 1990, 25-32(5)
520 _aDiscusses the problems faced by those wishing to buy and renovate manor houses in Poland .
650 _aCOUNTRY HOUSES
650 _aDWOR
650 _aEASTERN EUROPE
650 _aHOUSE PURCHASE
690 _aOVERSEAS-EUROPE
942 _n0
948 _c04/03/1997
999 _c24876
_d24876